Statistics for Flags of Countries that Border Serbia

Click here to take the quiz!

General Stats

  • This quiz has been taken 3,786 times
    (3,594 since last reset)
  • The average score is 8 of 8

Answer Stats

FlagCountry% Correct
Croatia
97%
North Macedonia
97%
Hungary
96%
Kosovo
96%
Bosnia and Herzegovina
95%
Romania
95%
Bulgaria
92%
Montenegro
90%

Score Distribution

Percentile by Number Answered

Percent of People with Each Score

Your Score History

You have not taken this quiz since the last reset